000 00639nam a2200253Ia 4500
003 OSt
005 20220918163535.0
006 a|||||r|||| 00| 0
007 ta
008 220917b |||||||| |||| 00| 0 eng d
020 _a00918286514 (hbk)
024 _a43,217
037 _cTextual
040 _aARTS
_cARTS
_beng
041 _2eng
_aeng
082 _aXw72N44, N3
100 _aBlack Conrad
_913618
245 0 _aLife in progress
260 _aAustralia
_bRandom House
_c1993
300 _a504p.
_ccm.
650 _aECONOMICS
942 _hXw72N44, N3
_cTEXL
_2CC
999 _c119980
_d119980